[Event "37th IND-ch (w)"]
[Site "Bhubaneswar IND"]
[Date "2011.01.02"]
[Round "8"]
[White "Swathi, Ghate"]
[Black "Mohota, Nisha"]
[Result "1/2-1/2"]
[WhiteElo "2302"]
[BlackElo "2325"]
[PlyCount "51"]
[EventDate "2010.12.25"]

1. e4 c6 2. d4 d5 3. Nc3 dxe4 4. Nxe4 Nf6 5. Nxf6+ gxf6 6. c3 Qd5 7. Nf3 Bg4 8.
Be2 Nd7 9. Be3 e6 10. Qb3 Qxb3 11. axb3 a6 12. h3 Bh5 13. Ra5 Bg6 14. Nh4 Bc2
15. b4 Nb6 16. Nf3 Be4 17. Rg1 Rg8 18. Nd2 Bc2 19. Bf3 Be7 20. Ke2 O-O-O 21.
Rc1 Bg6 22. b3 Nd5 23. Nc4 Bd6 24. Nxd6+ Rxd6 25. Bd2 Nc7 26. Bf4 1/2-1/2

[Event "37th IND-ch (w)"]
[Site "Bhubaneswar IND"]
[Date "2011.01.02"]
[Round "8"]
[White "Pujari, Rucha"]
[Black "Soumya, Swaminathan"]
[Result "0-1"]
[WhiteElo "2114"]
[BlackElo "2332"]
[PlyCount "120"]
[EventDate "2010.12.25"]

1. d4 Nf6 2. Nf3 e6 3. e3 b6 4. Bd3 Bb7 5. O-O c5 6. b3 d6 7. Bb2 Nbd7 8. Qe2
Be7 9. c4 O-O 10. Nc3 a6 11. Rad1 Qc7 12. Bb1 Rfe8 13. e4 Bf8 14. Qc2 cxd4 15.
Nxd4 Rac8 16. f4 e5 17. Nf5 exf4 18. Nd5 Bxd5 19. exd5 g6 20. Rxf4 gxf5 21.
Qxf5 Bg7 22. Rg4 Re5 23. Bxe5 dxe5 24. Rg3 h6 25. Qh3 Kf8 26. Bf5 Qd6 27. Rf1
Rc7 28. Rgf3 e4 29. Rf4 Nc5 30. Rh4 Qe5 31. Qg3 Qxg3 32. hxg3 a5 33. Kf2 Ke7
34. g4 Kd6 35. Ke3 b5 36. Rh2 bxc4 37. bxc4 Na4 38. Rc1 Nxd5+ 39. Kxe4 Nac3+
40. Kf3 Nxa2 41. Rch1 Rxc4 42. Rxh6+ Bxh6 43. Rxh6+ Ke5 44. Ra6 a4 45. Kf2 Nac3
46. Ra7 f6 47. Bd7 Ne4+ 48. Kg1 Nc5 49. Bxa4 Rxa4 50. Rg7 Ne6 51. Rg8 Ng5 52.
Re8+ Kf4 53. Kh2 Kxg4 54. Re2 Nf4 55. Rb2 Ra8 56. Rc2 Ne4 57. Rb2 f5 58. Rb7
Rh8+ 59. Kg1 Ne2+ 60. Kf1 N2g3+ 0-1

[Event "37th IND-ch (w)"]
[Site "Bhubaneswar IND"]
[Date "2011.01.02"]
[Round "8"]
[White "Padmini, Rout"]
[Black "Pratyusha, Bodda"]
[Result "1-0"]
[WhiteElo "2352"]
[BlackElo "2086"]
[PlyCount "115"]
[EventDate "2010.12.25"]

1. e4 e5 2. Nf3 Nc6 3. Bb5 a6 4. Ba4 Nf6 5. O-O Be7 6. Re1 b5 7. Bb3 d6 8. c3
O-O 9. h3 Nb8 10. d4 Nbd7 11. Nbd2 Bb7 12. Bc2 Re8 13. Nf1 Bf8 14. Ng3 g6 15.
b3 Bg7 16. d5 Nb6 17. Rb1 Rc8 18. c4 c6 19. a4 cxd5 20. cxd5 bxa4 21. bxa4 Re7
22. Bd3 Qc7 23. Qb3 Nbxd5 24. Qxb7 Qxb7 25. Rxb7 Rxb7 26. Bxa6 Rbc7 27. Bxc8
Nb4 28. Ba3 Nc2 29. Rc1 Ne8 30. Rxc2 Rxc2 31. Bd7 Nf6 32. Bb5 d5 33. exd5 Nxd5
34. Bd6 Nc3 35. Bxe5 Bxe5 36. Nxe5 Nxb5 37. axb5 Rb2 38. f4 Rxb5 39. Kf2 Rb3
40. Ne4 Kg7 41. Nd6 f6 42. Ne8+ Kf8 43. Nxf6 Kg7 44. Nd5 Ra3 45. Nc4 Rb3 46.
Nce3 Ra3 47. Kf3 Rb3 48. g4 Ra3 49. Ke4 Ra4+ 50. Ke5 Ra1 51. f5 g5 52. Nc4 Re1+
53. Kd6 Rh1 54. Ne5 Kf8 55. f6 Ra1 56. Ne7 Ra6+ 57. N7c6 h6 58. Ke6 1-0

[Event "37th IND-ch (w)"]
[Site "Bhubaneswar IND"]
[Date "2011.01.02"]
[Round "8"]
[White "Aparajita, Gochhikar"]
[Black "Karavade, Eesha"]
[Result "0-1"]
[WhiteElo "1871"]
[BlackElo "2369"]
[PlyCount "118"]
[EventDate "2010.12.25"]

1. e4 c5 2. c3 d5 3. exd5 Qxd5 4. d4 g6 5. Be3 cxd4 6. cxd4 Nf6 7. Nf3 Bg7 8.
Nc3 Qd8 9. Bc4 O-O 10. O-O Nc6 11. h3 Na5 12. Bd3 Be6 13. Ng5 Bc4 14. Rc1 Rc8
15. b3 Bxd3 16. Qxd3 Nc6 17. Rfd1 Qa5 18. Nf3 Rfd8 19. Qe2 Nb4 20. Ne5 Nbd5 21.
Nxd5 Qxd5 22. Rc4 Rxc4 23. Qxc4 Qxc4 24. bxc4 Ne4 25. Rb1 Bxe5 26. dxe5 b6 27.
Rc1 Rd3 28. c5 Nxc5 29. Bxc5 bxc5 30. Rxc5 Ra3 31. Rc2 g5 32. Rc7 Kf8 33. Rc8+
Kg7 34. Rc7 e6 35. Rc2 Kg6 36. g3 Ra5 37. Re2 Kf5 38. g4+ Kf4 39. Rc2 Kxe5 40.
Rc7 f6 41. Rc2 Ra6 42. Kg2 Kd4 43. Rc7 Rxa2 44. Rxh7 a5 45. h4 gxh4 46. Rxh4
Ke5 47. Kg3 a4 48. f4+ Ke4 49. g5 fxg5 50. fxg5+ Kf5 51. Rh6 Re2 52. Kf3 Kxg5
53. Rh8 Rb2 54. Ra8 Rb4 55. Rg8+ Kf5 56. Rf8+ Ke5 57. Ra8 Kd4 58. Rd8+ Kc3 59.
Re8 Rb6 0-1

[Event "37th IND-ch (w)"]
[Site "Bhubaneswar IND"]
[Date "2011.01.02"]
[Round "8"]
[White "Bharathi, Ramaraj"]
[Black "Saranya, J."]
[Result "1-0"]
[WhiteElo "2111"]
[BlackElo "2123"]
[PlyCount "55"]
[EventDate "2010.12.25"]

1. e4 c5 2. Nf3 d6 3. d4 cxd4 4. Nxd4 Nf6 5. Nc3 a6 6. f4 e5 7. Nf3 Nbd7 8. a4
Be7 9. Bd3 O-O 10. O-O Nc5 11. Kh1 exf4 12. Bxf4 Bg4 13. Qd2 Rc8 14. Nd4 Nh5
15. Nd5 Ne6 16. Be3 Bh4 17. Nf5 Bxf5 18. Rxf5 g6 19. Rff1 Kh8 20. c4 Nhg7 21.
Qc3 Rc6 22. a5 Nc5 23. b4 Nxd3 24. Qxd3 Bg5 25. Bd4 Qc8 26. b5 Rxc4 27. Bxg7+
Kxg7 28. Nb6 1-0

[Event "37th IND-ch (w)"]
[Site "Bhubaneswar IND"]
[Date "2011.01.02"]
[Round "8"]
[White "Minki, Sinha"]
[Black "Arunima, Kalra"]
[Result "0-1"]
[WhiteElo "1880"]
[BlackElo "1866"]
[PlyCount "114"]
[EventDate "2010.12.25"]

1. e4 c5 2. Nf3 Nc6 3. d4 cxd4 4. Nxd4 g6 5. c4 Bg7 6. Be3 Nf6 7. Nc3 O-O 8.
Be2 d6 9. O-O Bd7 10. Rc1 Nxd4 11. Bxd4 Bc6 12. f3 Nd7 13. Bxg7 Kxg7 14. Qd4+
Kg8 15. Kh1 Qb6 16. Qd2 a5 17. a4 Nc5 18. Qc2 Qb4 19. Ra1 Rac8 20. Nd5 Bxd5 21.
exd5 Nb3 22. Rad1 Qxa4 23. Rd3 Nc5 24. Qxa4 Nxa4 25. b3 Nc5 26. Re3 Rc7 27. f4
Re8 28. f5 Nd7 29. f6 Ne5 30. g4 exf6 31. Rxf6 Rd8 32. h4 Kg7 33. g5 h6 34. Rf4
hxg5 35. hxg5 b6 36. Rf6 Re7 37. Bd1 Nc6 38. Ref3 Nd4 39. Rd3 Re4 40. Kg2 Nf5
41. Kf2 Rh8 42. Bf3 Rh2+ 43. Kg1 Reh4 44. Be4 Rxe4 45. Kxh2 Rh4+ 46. Rh3 Rg4
47. Rf3 Rxg5 48. R3xf5 gxf5 49. Rxd6 f4 50. Rxb6 f3 51. Rb5 f2 52. d6 Rxb5 53.
d7 f1=Q 54. d8=Q Rh5+ 55. Kg3 Rh3+ 56. Kg4 Qf3+ 57. Kg5 Rh5# 0-1

[Event "37th IND-ch (w)"]
[Site "Bhubaneswar IND"]
[Date "2011.01.02"]
[Round "8"]
[White "Akshaya, A."]
[Black "Preethi, Rajkumar"]
[Result "1-0"]
[WhiteElo "2022"]
[BlackElo "2073"]
[PlyCount "75"]
[EventDate "2010.12.25"]

1. e4 c5 2. Nf3 Nc6 3. Bb5 g6 4. Bxc6 bxc6 5. O-O Bg7 6. Re1 e5 7. b4 cxb4 8.
a3 Ne7 9. axb4 O-O 10. Bb2 d6 11. d4 Qc7 12. Nbd2 Rd8 13. Ra5 f6 14. Qa1 Be6
15. c4 Qb7 16. Bc3 Bf7 17. Rb1 Be8 18. c5 Nc8 19. cxd6 exd4 20. Nxd4 Bf7 21.
N2b3 Nxd6 22. Nc5 Qc8 23. Rxa7 Nb5 24. Nxb5 cxb5 25. Rxa8 Qxa8 26. Qb2 Qc6 27.
Ra1 Bc4 28. h3 Qb6 29. Qc2 Re8 30. Ra6 Qd8 31. Qb2 Rf8 32. Qa1 Qe7 33. Ra7 Qd6
34. Rd7 Qf4 35. Bd2 Qe5 36. Qa7 Rf7 37. Qa8+ Bf8 38. Bh6 1-0

[Event "37th IND-ch (w)"]
[Site "Bhubaneswar IND"]
[Date "2011.01.02"]
[Round "8"]
[White "Nivedhitha, J. G."]
[Black "Shweta, Gole"]
[Result "0-1"]
[WhiteElo "1819"]
[BlackElo "1906"]
[PlyCount "92"]
[EventDate "2010.12.25"]

1. e4 c5 2. Nf3 d6 3. d4 cxd4 4. Nxd4 Nf6 5. Nc3 a6 6. Bg5 e6 7. f4 Be7 8. Qf3
Qc7 9. Bd3 Nbd7 10. O-O-O b5 11. Rhe1 Bb7 12. Qg3 Qb6 13. Nf3 b4 14. Nb1 Qa5
15. e5 dxe5 16. fxe5 Nh5 17. Qh4 Bxg5+ 18. Qxg5 g6 19. Bc4 Rc8 20. Nbd2 O-O 21.
Qh6 Rfd8 22. Bb3 Qb5 23. Ng5 Nf8 24. Nde4 Rxd1+ 25. Rxd1 Bxe4 26. Nxe4 Qxe5 27.
g4 Nf4 28. Ng3 Qe3+ 29. Kb1 Rd8 30. Rf1 Nd5 31. Qh4 Rd7 32. Bxd5 Rxd5 33. Qf6
Rd7 34. b3 h6 35. Qf4 Rd1+ 36. Rxd1 Qxf4 37. Rd3 Qxg4 38. Kb2 Kg7 39. a3 bxa3+
40. Kxa3 a5 41. c4 e5 42. Ka4 Ne6 43. Kxa5 Nc5 44. Rc3 Qd4 45. Rf3 e4 46. Rf1
Nxb3+ 0-1

[Event "37th IND-ch (w)"]
[Site "Bhubaneswar IND"]
[Date "2011.01.03"]
[Round "9"]
[White "Mohota, Nisha"]
[Black "Gomes, Mary Ann"]
[Result "1/2-1/2"]
[WhiteElo "2325"]
[BlackElo "2306"]
[PlyCount "37"]
[EventDate "2010.12.25"]

1. d4 Nf6 2. c4 g6 3. f3 Bg7 4. e4 d6 5. Nc3 O-O 6. Bg5 c5 7. d5 h6 8. Be3 e6
9. Qd2 exd5 10. cxd5 a6 11. Bxh6 Nxe4 12. Nxe4 Qh4+ 13. g3 Qxh6 14. Qxh6 Bxh6
15. Nxd6 Nd7 16. Bh3 f5 17. f4 Nb6 18. Nxc8 Re8+ 19. Kf2 1/2-1/2

[Event "37th IND-ch (w)"]
[Site "Bhubaneswar IND"]
[Date "2011.01.03"]
[Round "9"]
[White "Tania, Sachdev"]
[Black "Swathi, Ghate"]
[Result "1-0"]
[WhiteElo "2385"]
[BlackElo "2302"]
[PlyCount "61"]
[EventDate "2010.12.25"]

1. d4 d5 2. c4 c6 3. Nf3 Nf6 4. Nc3 e6 5. g3 dxc4 6. Bg2 Nbd7 7. O-O Be7 8. e4
O-O 9. Re1 h6 10. Bf4 Re8 11. a4 a5 12. Qc2 Nb6 13. Rad1 Bb4 14. Bf1 Qe7 15. h3
Nfd7 16. Bc7 Bd6 17. Bxd6 Qxd6 18. e5 Qb4 19. Nd2 Rf8 20. Nde4 c5 21. Nd6 Nb8
22. d5 exd5 23. Nxc8 Rxc8 24. e6 fxe6 25. Rxe6 Nc6 26. Rxh6 Ne7 27. Re1 Rc7 28.
Qh7+ Kf7 29. Ree6 Nbc8 30. Rhf6+ Ke8 31. Qxg7 1-0

[Event "37th IND-ch (w)"]
[Site "Bhubaneswar IND"]
[Date "2011.01.03"]
[Round "9"]
[White "Karavade, Eesha"]
[Black "Padmini, Rout"]
[Result "1/2-1/2"]
[WhiteElo "2369"]
[BlackElo "2352"]
[PlyCount "41"]
[EventDate "2010.12.25"]

1. d4 Nf6 2. c4 g6 3. Nc3 d5 4. Nf3 Bg7 5. Bf4 O-O 6. e3 c5 7. dxc5 Ne4 8. Rc1
Nd7 9. cxd5 Qa5 10. Nd4 Nxc3 11. bxc3 Nxc5 12. Bc4 Bd7 13. O-O Rac8 14. Bb3 b5
15. c4 bxc4 16. Bxc4 Na4 17. Qb3 Nc5 18. Qb1 Na4 19. Qb3 Nc5 20. Qb1 Na4 21.
Qb3 1/2-1/2

[Event "37th IND-ch (w)"]
[Site "Bhubaneswar IND"]
[Date "2011.01.03"]
[Round "9"]
[White "Pratyusha, Bodda"]
[Black "Bharathi, Ramaraj"]
[Result "1/2-1/2"]
[WhiteElo "2086"]
[BlackElo "2111"]
[PlyCount "22"]
[EventDate "2010.12.25"]

1. e4 c5 2. Nc3 e6 3. f4 d5 4. Nf3 Nf6 5. e5 Nfd7 6. d3 Nc6 7. g3 Be7 8. Bg2
O-O 9. O-O f6 10. exf6 Nxf6 11. Kh1 Qc7 1/2-1/2

[Event "37th IND-ch (w)"]
[Site "Bhubaneswar IND"]
[Date "2011.01.03"]
[Round "9"]
[White "Kiran, Manisha Mohanty"]
[Black "Pujari, Rucha"]
[Result "1-0"]
[WhiteElo "2230"]
[BlackElo "2114"]
[PlyCount "69"]
[EventDate "2010.12.25"]

1. e4 d6 2. d4 Nf6 3. Nc3 g6 4. Be3 c6 5. h3 b5 6. e5 Nfd7 7. exd6 exd6 8. d5
c5 9. Bxb5 Bg7 10. Nf3 Qb6 11. O-O O-O 12. Rb1 f5 13. Qd2 Ne5 14. Ng5 a6 15.
Be2 Re8 16. b4 f4 17. Bxf4 cxb4 18. Na4 Qc7 19. Rxb4 Bf5 20. Ne6 Bxe6 21. dxe6
Nbc6 22. Nb6 Nxb4 23. Nxa8 Rxa8 24. Qxb4 Qxc2 25. Bd1 Qc7 26. Bb3 Kh8 27. Rd1
Rd8 28. Bg5 Re8 29. Qxd6 Qa5 30. Bf4 h6 31. Qd5 Qc3 32. Qd2 Qc8 33. Bxe5 Bxe5
34. Qxh6+ Kg8 35. e7+ 1-0

[Event "37th IND-ch (w)"]
[Site "Bhubaneswar IND"]
[Date "2011.01.03"]
[Round "9"]
[White "Amrutha, Mokal"]
[Black "Aparajita, Gochhikar"]
[Result "0-1"]
[WhiteElo "2089"]
[BlackElo "1871"]
[PlyCount "88"]
[EventDate "2010.12.25"]

1. e4 e5 2. Nf3 Nc6 3. d4 exd4 4. Nxd4 Bc5 5. Be3 Qf6 6. c3 Nge7 7. Bc4 Qg6 8.
O-O Ne5 9. Be2 O-O 10. Nd2 d5 11. Bh5 Qf6 12. f4 N5c6 13. e5 Qh6 14. N2b3 Bb6
15. Qe2 Nxd4 16. Bxd4 Nf5 17. a4 Nxd4 18. cxd4 c6 19. a5 Bd8 20. f5 g6 21. Bg4
gxf5 22. Bxf5 Bg5 23. Rf3 Bxf5 24. Rxf5 f6 25. e6 Rae8 26. Re1 Re7 27. Nc5 Bd2
28. Rd1 Bg5 29. Qg4 Qg6 30. Kh1 Rfe8 31. h4 Bxh4 32. Qh3 b6 33. axb6 axb6 34.
Nd3 Rxe6 35. Nf4 Re1+ 36. Rxe1 Rxe1+ 37. Kh2 Bg3+ 38. Qxg3 Rh1+ 39. Kxh1 Qxg3
40. Nh5 Qh4+ 41. Kg1 Qxd4+ 42. Kh1 Kf7 43. Rxf6+ Qxf6 44. Nxf6 Kxf6 0-1

[Event "37th IND-ch (w)"]
[Site "Bhubaneswar IND"]
[Date "2011.01.03"]
[Round "9"]
[White "Saranya, J."]
[Black "Akshaya, A."]
[Result "0-1"]
[WhiteElo "2123"]
[BlackElo "2022"]
[PlyCount "62"]
[EventDate "2010.12.25"]

1. e4 e5 2. Nf3 Nc6 3. Bb5 Bc5 4. c3 Nf6 5. d4 Bb6 6. Bg5 h6 7. Bxf6 Qxf6 8.
O-O O-O 9. Bxc6 Qxc6 10. a4 a6 11. a5 Ba7 12. d5 Qg6 13. d6 Qxe4 14. Re1 Qc6
15. Nxe5 Qc5 16. Qd2 b5 17. axb6 Bxb6 18. Ra4 cxd6 19. Nc4 Bb7 20. Nxd6 Bc6 21.
Rg4 f5 22. Rg3 f4 23. Rg6 Qh5 24. Qc2 Bxf2+ 25. Kxf2 Qh4+ 26. Kf1 f3 27. Rg3
Qxh2 28. Rxg7+ Kxg7 29. Re7+ Kf6 30. Rf7+ Rxf7 31. Qf5+ Ke7 0-1

[Event "37th IND-ch (w)"]
[Site "Bhubaneswar IND"]
[Date "2011.01.03"]
[Round "9"]
[White "Harini, Sankaran"]
[Black "Rathore, Sonakshi"]
[Result "1/2-1/2"]
[WhiteElo "2063"]
[BlackElo "1971"]
[PlyCount "86"]
[EventDate "2010.12.25"]

1. e4 d5 2. exd5 Qxd5 3. Nc3 Qa5 4. d4 Nf6 5. Nf3 c6 6. Bc4 Bf5 7. Bd2 e6 8.
Nd5 Qd8 9. Nxf6+ gxf6 10. Bb3 Nd7 11. Qe2 Qc7 12. O-O-O O-O-O 13. Nh4 Bg6 14.
Kb1 Bd6 15. g3 Kb8 16. Nxg6 hxg6 17. h4 f5 18. h5 gxh5 19. Rxh5 Nf6 20. Rxh8
Rxh8 21. c4 Ne4 22. Be3 Rh2 23. Qf3 Qe7 24. g4 Ng5 25. Bxg5 Qxg5 26. gxf5 Qxf5+
27. Qxf5 exf5 28. c5 Be7 29. Bxf7 Rxf2 30. Re1 Bf6 31. Re8+ Kc7 32. Be6 b6 33.
Rc8+ Kb7 34. d5 bxc5 35. dxc6+ Kb6 36. Bd7 Be5 37. Re8 Rxb2+ 38. Kc1 Re2 39.
Kd1 Re4 40. Bxf5 Rd4+ 41. Kc2 Rc4+ 42. Kd3 Rd4+ 43. Kc2 Rc4+ 1/2-1/2

[Event "37th IND-ch (w)"]
[Site "Bhubaneswar IND"]
[Date "2011.01.03"]
[Round "9"]
[White "Shweta, Gole"]
[Black "Minki, Sinha"]
[Result "1/2-1/2"]
[WhiteElo "1906"]
[BlackElo "1880"]
[PlyCount "107"]
[EventDate "2010.12.25"]

1. d4 Nf6 2. c4 e6 3. Nf3 b6 4. Nc3 Bb7 5. e3 Be7 6. Bd3 O-O 7. O-O d5 8. cxd5
exd5 9. Ne5 c5 10. f4 cxd4 11. exd4 Ne4 12. Bxe4 dxe4 13. Re1 f6 14. Qb3+ Kh8
15. Nf7+ Rxf7 16. Qxf7 Qxd4+ 17. Be3 Qd8 18. Rad1 Qf8 19. Qe6 Bb4 20. Re2 Na6
21. Red2 Nc5 22. Qc4 Nd3 23. Rc2 Rc8 24. Qb3 Bc5 25. Bxc5 Qxc5+ 26. Kf1 Ba6 27.
Qa3 Qxa3 28. bxa3 Nb2+ 29. Ke1 Nxd1 30. Kxd1 e3 31. Rc1 h6 32. Ke1 g5 33. fxg5
hxg5 34. g4 Kg7 35. Ne2 Kg6 36. Rc3 Rxc3 37. Nxc3 Bc4 38. Nd1 e2 39. Ne3 Bxa2
40. Kxe2 Be6 41. Kf3 f5 42. gxf5+ Bxf5 43. Nd5 Bc2 44. Ne7+ Kf6 45. Nc8 Bd1+
46. Kg3 a5 47. Nxb6 a4 48. Nd5+ Kg6 49. Nc3 Bb3 50. Kg4 Be6+ 51. Kf3 Bd7 52.
Ke4 Kh5 53. Nd1 Kh4 54. Nf2 1/2-1/2

[Event "37th IND-ch (w)"]
[Site "Bhubaneswar IND"]
[Date "2011.01.03"]
[Round "9"]
[White "Preethi, Rajkumar"]
[Black "Nivedhitha, J. G."]
[Result "1-0"]
[WhiteElo "2073"]
[BlackElo "1819"]
[PlyCount "87"]
[EventDate "2010.12.25"]

1. e4 c5 2. Nf3 d6 3. d4 cxd4 4. Nxd4 Nf6 5. Nc3 g6 6. Be3 Bg7 7. f3 Nc6 8. Qd2
O-O 9. O-O-O Nxd4 10. Bxd4 Be6 11. Kb1 a6 12. g4 Re8 13. h4 Qa5 14. h5 h6 15.
hxg6 fxg6 16. Qe3 Qc7 17. g5 hxg5 18. Qxg5 Bf7 19. Nd5 Qd8 20. Nb6 Rb8 21. Bc4
e6 22. Qg1 Qc7 23. Bb3 e5 24. Be3 Bxb3 25. cxb3 Kf7 26. Qg5 Rg8 27. Rdg1 Bf8
28. Qxf6+ Kxf6 29. Nd5+ Kf7 30. Nxc7 Rc8 31. Nd5 Bg7 32. Bh6 Bf6 33. Bg5 Bxg5
34. Rxg5 Rh8 35. Rxh8 Rxh8 36. Rg2 Rh3 37. Rf2 g5 38. Kc2 Kg6 39. Ne3 Kf6 40.
Kd3 Ke6 41. Kc4 Rg3 42. b4 b6 43. b5 a5 44. Nd5 1-0

[Event "37th IND-ch (w)"]
[Site "Bhubaneswar IND"]
[Date "2011.01.04"]
[Round "10"]
[White "Bharathi, Ramaraj"]
[Black "Soumya, Swaminathan"]
[Result "1/2-1/2"]
[WhiteElo "2111"]
[BlackElo "2332"]
[PlyCount "172"]
[EventDate "2010.12.25"]

1. e4 c5 2. Nf3 Nc6 3. d4 cxd4 4. Nxd4 Qb6 5. Nb3 Nf6 6. Nc3 e6 7. Qe2 Bb4 8.
Bd2 O-O 9. a3 Be7 10. e5 Nd5 11. O-O-O d6 12. exd6 Bxd6 13. g3 Nxc3 14. Bxc3
Qc7 15. Bg2 e5 16. Bd5 Re8 17. Qd3 Bf8 18. Rhe1 g6 19. Kb1 Bg7 20. Qc4 Be6 21.
Bxe6 Rxe6 22. f4 Rae8 23. fxe5 Bxe5 24. Bxe5 Rxe5 25. Rxe5 Qxe5 26. Nc5 b5 27.
Qd5 Qxd5 28. Rxd5 Re1+ 29. Ka2 Re2 30. Nd3 Rxh2 31. Rxb5 Rxc2 32. Rb7 h5 33.
Nb4 Nxb4+ 34. axb4 a6 35. Rb6 Rc4 36. Ka3 Rg4 37. Rxa6 Rxg3+ 38. b3 h4 39. b5
h3 40. b6 Rg5 41. Kb4 Rg4+ 42. Kb5 h2 43. Ra1 Rg1 44. b7 h1=Q 45. b8=Q+ Kh7 46.
Rxg1 Qxg1 47. Qf4 Qa7 48. b4 Qe7 49. Kc6 Qe8+ 50. Kc5 Qc8+ 51. Kb6 Qe6+ 52. Kc5
f5 53. b5 Qe7+ 54. Kb6 Qd8+ 55. Ka6 Qc8+ 56. Ka7 Qd7+ 57. Ka6 Qc8+ 58. Ka7 Qd7+
59. Ka6 Qd3 60. Ka5 Qa3+ 61. Kb6 Kg7 62. Qd4+ Kf7 63. Qd5+ Kf6 64. Qd8+ Qe7 65.
Qd4+ Kg5 66. Qg1+ Kh5 67. Qd1+ Kh6 68. Qh1+ Kg7 69. Qa1+ Kf7 70. Qa2+ Kg7 71.
Qa1+ Kf7 72. Qa2+ Kg7 73. Ka6 Qf6+ 74. b6 f4 75. Qf2 g5 76. Ka7 Qa1+ 77. Kb8
Qe5+ 78. Ka8 Qa5+ 79. Kb8 Qe5+ 80. Ka8 Qe8+ 81. Ka7 Qa4+ 82. Kb8 Qe8+ 83. Kc7
Qe5+ 84. Kc8 Qe8+ 85. Kc7 Qe5+ 86. Kc8 Qe8+ 1/2-1/2

[Event "37th IND-ch (w)"]
[Site "Bhubaneswar IND"]
[Date "2011.01.04"]
[Round "10"]
[White "Gomes, Mary Ann"]
[Black "Karavade, Eesha"]
[Result "1/2-1/2"]
[WhiteElo "2306"]
[BlackElo "2369"]
[PlyCount "74"]
[EventDate "2010.12.25"]

1. Nf3 c5 2. g3 Nc6 3. Bg2 g6 4. c4 Bg7 5. Nc3 e5 6. O-O Nge7 7. d3 d6 8. e4
O-O 9. h3 Nd4 10. Nxd4 cxd4 11. Nd5 Nxd5 12. exd5 Bd7 13. b3 f5 14. f4 e4 15.
dxe4 fxe4 16. Bxe4 Bxh3 17. Re1 Qf6 18. Bb2 Rae8 19. Qf3 h5 20. Qd3 h4 21. Bxg6
Rxe1+ 22. Rxe1 hxg3 23. Qxg3 Qxf4 24. Qxf4 Rxf4 25. Re8+ Rf8 26. Rxf8+ Kxf8 27.
Bd3 Be5 28. b4 b6 29. Kf2 Bg4 30. Ba3 Ke8 31. c5 bxc5 32. bxc5 dxc5 33. Bxc5 a5
34. Bb5+ Kd8 35. Bb6+ Ke7 36. Bc5+ Kd8 37. d6 Bd7 1/2-1/2

[Event "37th IND-ch (w)"]
[Site "Bhubaneswar IND"]
[Date "2011.01.04"]
[Round "10"]
[White "Mohota, Nisha"]
[Black "Tania, Sachdev"]
[Result "1-0"]
[WhiteElo "2325"]
[BlackElo "2385"]
[PlyCount "81"]
[EventDate "2010.12.25"]

1. d4 e6 2. c4 Bb4+ 3. Nc3 b6 4. Qb3 Qe7 5. a3 Bxc3+ 6. Qxc3 f5 7. Bf4 Nc6 8.
d5 Na5 9. Bxc7 Nf6 10. Be5 Ne4 11. d6 Qh4 12. g3 Nxc3 13. gxh4 Nb3 14. Bxg7 Rg8
15. Bxc3 Nxa1 16. e3 Bb7 17. f3 Nb3 18. Kf2 Rc8 19. Nh3 Rc6 20. Ng5 Rxd6 21.
Nxh7 Rg6 22. Be2 Rh6 23. Ng5 Rxh4 24. Kg3 Rh5 25. h4 Nc5 26. Rg1 e5 27. Bxe5
Rdh6 28. b4 Ne6 29. Nxe6 Rxe6 30. f4 Rg6+ 31. Kf2 Rhh6 32. Rxg6 Rxg6 33. Bh5
Kf7 34. Ke2 a6 35. b5 d5 36. Kd3 Bc8 37. a4 Bd7 38. Kd4 dxc4 39. Kxc4 Be6+ 40.
Kb4 a5+ 41. Ka3 1-0

[Event "37th IND-ch (w)"]
[Site "Bhubaneswar IND"]
[Date "2011.01.04"]
[Round "10"]
[White "Padmini, Rout"]
[Black "Kiran, Manisha Mohanty"]
[Result "1-0"]
[WhiteElo "2352"]
[BlackElo "2230"]
[PlyCount "80"]
[EventDate "2010.12.25"]

1. e4 c5 2. Nf3 d6 3. d4 cxd4 4. Nxd4 Nf6 5. Nc3 a6 6. h3 e6 7. g4 Be7 8. Bg2
Nfd7 9. Be3 Nc6 10. O-O O-O 11. Nce2 Qc7 12. f4 Nxd4 13. Nxd4 b5 14. f5 e5 15.
Ne2 Bb7 16. g5 f6 17. g6 hxg6 18. fxg6 f5 19. exf5 Bxg2 20. Kxg2 Qc6+ 21. Kg1
d5 22. Ng3 d4 23. Bf2 Rad8 24. Qe2 Qc4 25. Qe4 Rfe8 26. Rae1 Nf6 27. Qh4 d3 28.
Qxc4+ bxc4 29. cxd3 cxd3 30. Rxe5 Nd5 31. Rd1 Nf4 32. Be3 Ne2+ 33. Nxe2 dxe2
34. Re1 Bb4 35. Rxe8+ Rxe8 36. Rxe2 Re5 37. Kg2 Rxf5 38. h4 Rf6 39. h5 Rf5 40.
Bd2 Bxd2 1-0

[Event "37th IND-ch (w)"]
[Site "Bhubaneswar IND"]
[Date "2011.01.04"]
[Round "10"]
[White "Swathi, Ghate"]
[Black "Arunima, Kalra"]
[Result "1-0"]
[WhiteElo "2302"]
[BlackElo "1866"]
[PlyCount "105"]
[EventDate "2010.12.25"]

1. e4 c5 2. Nf3 Nc6 3. d4 cxd4 4. Nxd4 g6 5. c4 Bg7 6. Be3 Nf6 7. Nc3 O-O 8.
Be2 d6 9. O-O Bd7 10. Qd2 Nxd4 11. Bxd4 Bc6 12. f3 a5 13. b3 Nd7 14. Be3 Nc5
15. Rab1 Qb6 16. Rfc1 Rfc8 17. Rc2 Qd8 18. Bf1 h5 19. Rd1 b6 20. Qe1 Qf8 21.
Nd5 Bxd5 22. Rxd5 Bh6 23. Bf2 Rab8 24. Rb2 Qe8 25. Rb1 Ra8 26. g3 Qc6 27. Qe2
Rd8 28. Bg2 Rab8 29. f4 e5 30. f5 Kg7 31. Rf1 b5 32. cxb5 Rxb5 33. Rfd1 Bg5 34.
h4 Be7 35. Be3 Rbb8 36. Bg5 Bxg5 37. hxg5 a4 38. Qf3 axb3 39. fxg6 fxg6 40.
Qf6+ Kh7 41. axb3 Rg8 42. Rxd6 Qe8 43. R1d5 Rf8 44. Qxe5 Qxe5 45. Rxe5 Nxb3 46.
Re7+ Kh8 47. Rxg6 Nd4 48. Rf6 Rfc8 49. e5 Rb2 50. Rh6+ Kg8 51. Bd5+ Kf8 52.
Rf7+ Ke8 53. Rh8# 1-0

[Event "37th IND-ch (w)"]
[Site "Bhubaneswar IND"]
[Date "2011.01.04"]
[Round "10"]
[White "Akshaya, A."]
[Black "Pratyusha, Bodda"]
[Result "0-1"]
[WhiteElo "2022"]
[BlackElo "2086"]
[PlyCount "72"]
[EventDate "2010.12.25"]

1. e4 e5 2. Nf3 Nc6 3. Bc4 Bc5 4. Nc3 Nf6 5. d3 d6 6. h3 h6 7. Be3 Bb6 8. O-O
O-O 9. Bxb6 axb6 10. d4 Bd7 11. a3 Qc8 12. Kh2 Kh8 13. Bd5 Qe8 14. Bxc6 bxc6
15. dxe5 dxe5 16. Nh4 Qe6 17. f3 g6 18. Qd2 Kh7 19. Ne2 Rad8 20. Qe3 c5 21. Rg1
Ng8 22. g4 Ne7 23. Ng3 Qc4 24. Rg2 Nc6 25. Rd2 Nd4 26. Rad1 Nxc2 27. Qe2 Qxe2+
28. Nxe2 Ne3 29. Rc1 Be6 30. Rxd8 Rxd8 31. Kg1 Rd2 32. Nc3 Rxb2 33. a4 Kg7 34.
Re1 Nc4 35. Ng2 c6 36. Ra1 Nd2 0-1

[Event "37th IND-ch (w)"]
[Site "Bhubaneswar IND"]
[Date "2011.01.04"]
[Round "10"]
[White "Pujari, Rucha"]
[Black "Amrutha, Mokal"]
[Result "1/2-1/2"]
[WhiteElo "2114"]
[BlackElo "2089"]
[PlyCount "136"]
[EventDate "2010.12.25"]

1. d4 Nf6 2. Nf3 e6 3. g3 c5 4. Bg2 cxd4 5. Qxd4 Nc6 6. Qd1 d5 7. O-O e5 8. b3
Bc5 9. Bb2 e4 10. Nd4 Qb6 11. e3 Ne5 12. h3 Bd7 13. Nd2 h5 14. c4 h4 15. cxd5
hxg3 16. fxg3 Bxh3 17. Bxh3 Rxh3 18. Nf5 Nfg4 19. Nc4 Qg6 20. Bxe5 Qh7 21. Nh4
Nxe5 22. Kg2 Rxh4 23. gxh4 Nd3 24. Qg4 b5 25. Nd2 Rd8 26. Nxe4 Be7 27. Qf5 g6
28. Nf6+ Bxf6 29. Qxf6 Rxd5 30. Rad1 g5 31. Qc6+ Rd7 32. hxg5 Qh5 33. Qe4+ Kf8
34. Rxd3 Qe2+ 35. Rf2 Qxd3 36. Qa8+ Kg7 37. Qf3 Qd5 38. e4 Qxg5+ 39. Kh1 Qh6+
40. Kg1 Qc1+ 41. Kh2 Qh6+ 42. Kg2 Qg5+ 43. Qg3 Qxg3+ 44. Kxg3 Rd1 45. Kf3 Re1
46. Rc2 Ra1 47. Kf4 a5 48. Ke5 a4 49. Rg2+ Kf8 50. Kd4 a3 51. Kc3 Rb1 52. Rg5
Rb2 53. Rxb5 Rxa2 54. Ra5 Re2 55. Kd3 Ra2 56. Ra6 Ra1 57. Kd4 Ke7 58. Ke5 a2
59. Ra7+ Kf8 60. b4 Kg7 61. b5 Kg6 62. b6 f6+ 63. Ke6 Rb1 64. Rxa2 Rxb6+ 65.
Ke7 Kg5 66. Rf2 Rb5 67. Rg2+ Kf4 68. Kxf6 Kxe4 1/2-1/2

[Event "37th IND-ch (w)"]
[Site "Bhubaneswar IND"]
[Date "2011.01.04"]
[Round "10"]
[White "Shweta, Gole"]
[Black "Harini, Sankaran"]
[Result "0-1"]
[WhiteElo "1906"]
[BlackElo "2063"]
[PlyCount "92"]
[EventDate "2010.12.25"]

1. d4 Nf6 2. Nf3 e6 3. e3 c5 4. Bd3 b6 5. O-O Bb7 6. c4 Be7 7. Nc3 d6 8. d5 e5
9. Ng5 O-O 10. f4 h6 11. fxe5 dxe5 12. Nf3 Bd6 13. Bd2 a6 14. Be1 Nbd7 15. Nh4
g6 16. Qf3 Nh7 17. Qg4 Ndf6 18. Qe2 Ne8 19. Bg3 Ng5 20. Qc2 Ng7 21. Rf2 Qe8 22.
Rf6 Qe7 23. Raf1 Nh5 24. R6f2 Nxg3 25. Bxg6 Nxf1 26. Nf5 Qd8 27. Nxh6+ Kg7 28.
Nf5+ Kxg6 29. Nxd6+ Kg7 30. Nf5+ Kh8 31. Qe2 Bc8 32. Qh5+ Nh7 33. Ne4 Bxf5 34.
Rxf5 f6 35. Kxf1 Ra7 36. Qh6 Rg7 37. h3 Kg8 38. g4 Qe8 39. b3 Qg6 40. Qh4 Ng5
41. Nf2 b5 42. Qg3 bxc4 43. bxc4 Nf7 44. Ne4 Qxf5+ 45. gxf5 Rxg3 46. Nxg3 Nd6
0-1